000 00957nam 22002533 4500
001 202061
021 _aPT
_b14355/86
090 _a202061
100 _a20260507d u||y0pory50 ba
200 _aHitchcock: diálogo com Truffaut
_fHitchock; colaboração Helen Scott
_gtradução Regina Louro
205 _a
210 _aLisboa
_cDom Quixote
_d1987
215 _a286 p.
_cil. ; brochado
_d24 cm
225 _aFiguras
_h6
300 _aFrançois Truffaut (1932-1984), cineasta, ator e crítico francês. Um dos fundadores do movimento cinematográfico conhecido como Nouvelle Vague e um dos maiores ícones da história do cinema do século XX.
606 _916666
_aCinema. Filmes
675 _a791
_vPT
_zpor
700 _9203
_aHitchcock
_bAlfred
_f1899-1980
701 _917254
_aTruffaut
_bFrançois
_f1932-1984
702 _917253
_aScott
_bHelen
702 _99077
_aLouro
_bMaria Regina
_f1948 -
801 _aPT
_bBMMN
_gRPC
830 _cVanda
990 _cLIVROS